000 02409nam a22003614a 4500
005 20050803152059.0
008 030618s2004 nyua b b 001 1 eng
010 _aB-358811
020 _a0749742690
_c110.00
020 _a9780749742690
_c110.00
035 _aB-358811
035 _aB-334861-867
037 _bBlueberry Books
040 _adpl
_bEnglish
082 _aS
100 _aCox, Pamela
245 _aThe sixth form at St. Clare's /
_cby Pamela Cox
260 _aLondon
_bEgmont Books
_c2008
270 _a239 Kensington High Street,
_bLondon
_eW8 6SA
300 _a162p.
_c18cm(pbk)
440 _aSt. Clare's -8; edited by Enid Blyton
942 _2ddc
_cCH
_mCOX
_hS
999 _c21617
_d21617